Intercultural communication : (Record no. 2846)

000 -LEADER
fixed length control field 01269cam a2200325 a 4500
001 - CONTROL NUMBER
control field 12662364
003 - CONTROL NUMBER IDENTIFIER
control field OSt
005 - DATE AND TIME OF LATEST TRANSACTION
control field 20170105101203.0
008 - FIXED-LENGTH DATA ELEMENTS--GENERAL INFORMATION
fixed length control field 020130s2003 caua b 001 0 eng
010 ## - LIBRARY OF CONGRESS CONTROL NUMBER
LC control number 2002101498
020 ## - INTERNATIONAL STANDARD BOOK NUMBER
International Standard Book Number 053456495X
040 ## - CATALOGING SOURCE
Original cataloging agency DLC
Transcribing agency DLC
Modifying agency DLC
050 00 - LIBRARY OF CONGRESS CALL NUMBER
Classification number HM1211
Item number .I57 2003
082 04 - DEWEY DECIMAL CLASSIFICATION NUMBER
Classification number 303.48/2
Edition number 21
245 00 - TITLE STATEMENT
Title Intercultural communication :
Remainder of title a reader /
Statement of responsibility, etc. [edited by] Larry A. Samovar, Richard E. Porter.
250 ## - EDITION STATEMENT
Edition statement 10th ed.
260 ## - PUBLICATION, DISTRIBUTION, ETC.
Place of publication, distribution, etc. Belmont, CA :
Name of publisher, distributor, etc. Wadsworth/Thomson Learning,
Date of publication, distribution, etc. c2003.
300 ## - PHYSICAL DESCRIPTION
Extent x, 483 p. :
Other physical details ill. ;
Dimensions 24 cm.
504 ## - BIBLIOGRAPHY, ETC. NOTE
Bibliography, etc. note Includes bibliographical references and index.
650 #0 - SUBJECT ADDED ENTRY--TOPICAL TERM
Topical term or geographic name entry element Intercultural communication.
700 1# - ADDED ENTRY--PERSONAL NAME
Personal name Samovar, Larry A.
700 1# - ADDED ENTRY--PERSONAL NAME
Personal name Porter, Richard E.
856 42 - ELECTRONIC LOCATION AND ACCESS
Materials specified Contributor biographical information
Uniform Resource Identifier <a href="http://www.loc.gov/catdir/enhancements/fy1515/2002101498-b.html">http://www.loc.gov/catdir/enhancements/fy1515/2002101498-b.html</a>
856 42 - ELECTRONIC LOCATION AND ACCESS
Materials specified Publisher description
Uniform Resource Identifier <a href="http://www.loc.gov/catdir/enhancements/fy1515/2002101498-d.html">http://www.loc.gov/catdir/enhancements/fy1515/2002101498-d.html</a>
856 41 - ELECTRONIC LOCATION AND ACCESS
Materials specified Table of contents only
Uniform Resource Identifier <a href="http://www.loc.gov/catdir/enhancements/fy1515/2002101498-t.html">http://www.loc.gov/catdir/enhancements/fy1515/2002101498-t.html</a>
906 ## - LOCAL DATA ELEMENT F, LDF (RLIN)
a 7
b cbc
c origcop
d 3
e ncip
f 20
g y-gencatlg
942 ## - ADDED ENTRY ELEMENTS (KOHA)
Source of classification or shelving scheme
Koha item type Book
Holdings
Withdrawn status Lost status Source of classification or shelving scheme Damaged status Not for loan Collection code Permanent Location Current Location Shelving location Date acquired Total Checkouts Full call number Barcode Date last seen Price effective from Koha item type
            Central Library (CL) Central Library (CL) General Stacks 03/21/2016   303.48/2 SAM S3H-N-177 08/29/2022 03/21/2016 Book
© 2023 Central Library, National University of Sciences and Technology. All Rights Reserved.